Statistiken für Länder, die mit N beginnen

Klicken Sie hier um das Quiz zu spielen!

Allgemein

  • Dieses Quiz wurde 19.252 mal gespielt
    (15.987 seit der letzten Aktualisierung)
  • Das Durchschnittsergebnis liegt bei 9 aus 11

Antwortstatistiken

Land% Korrekt
Niger
90%
Nigeria
88%
Namibia
86%
Niederlande
86%
Norwegen
83%
Nicaragua
77%
Neuseeland
76%
Nordkorea
73%
Nepal
70%
Nauru
66%
Nordmazedonien
58%

Verteilung der Resultate

Perzentil nach korrekt beantworteten Fragen

Anzahl Personen mit jedem Resultat

Ihre Resultats-Entwicklung

Sie haben dieses Quiz seit der letzten Aktualisierung nicht gespielt